Phân tích chuỗi giá trị bắp non tỉnh An Giang : Luận văn Thạc sĩ Kinh tế. Ngành Kinh tế Nông nghiệp

Phân tích chuỗi giá trị bắp non của tỉnh An Giang nhằm tìm hiểu những hạn chế, khó khăn trong việc sản xuất, tiêu thụ bắp non ở tỉnh An Giang, và đề ra những giải pháp thích hợp giúp nâng cao hiệu quả sản xuất, gia tăng thu nhập và phát triể...

ver descrição completa

Na minha lista:
Detalhes bibliográficos
Autor principal: Nguyễn, Thị Vân
Formato: Livro
Idioma:Undetermined
Publicado em: Cần Thơ Trường Đại học Cần Thơ 2013
Assuntos:
Tags: Adicionar Tag
Sem tags, seja o primeiro a adicionar uma tag!
Thư viện lưu trữ: Trung tâm Học liệu Trường Đại học Cần Thơ
LEADER 01139nam a2200217Ia 4500
001 CTU_185063
008 210402s9999 xx 000 0 und d
082 |a 338.16 
082 |b V121 
088 |a 60620115 
100 |a Nguyễn, Thị Vân 
245 0 |a Phân tích chuỗi giá trị bắp non tỉnh An Giang : 
245 0 |b Luận văn Thạc sĩ Kinh tế. Ngành Kinh tế Nông nghiệp 
245 0 |c Nguyễn Thị Vân ; Nguyễn Tri Khiêm (cán bộ hướng dẫn) 
260 |a Cần Thơ 
260 |b Trường Đại học Cần Thơ 
260 |c 2013 
520 |a Phân tích chuỗi giá trị bắp non của tỉnh An Giang nhằm tìm hiểu những hạn chế, khó khăn trong việc sản xuất, tiêu thụ bắp non ở tỉnh An Giang, và đề ra những giải pháp thích hợp giúp nâng cao hiệu quả sản xuất, gia tăng thu nhập và phát triển bền vững ngành hàng. 
650 |a Bắp,Corn 
904 |i Trúc 
980 |a Trung tâm Học liệu Trường Đại học Cần Thơ